Language Quiz

Random Language or Letter Quiz

'W' Vocabulary (Medium) Quiz Stats

 Plays Quiz Updated Apr 22, 2018

Challenge
Share
Tweet
Embed
Score 0/25 Timer 06:00
0 Plays Today
% Correct
warranty
91.4%
whiff
90.9%
wade
90.4%
widespread
90.1%
wreck
89.9%
wharf
88.9%
woozy
88.5%
wring
88.4%
whine
88.4%
worldly
87.5%
waiver
86.8%
whiplash
86.7%
weary
85.2%
% Correct
willful
84.6%
wombat
84.6%
writhe
84.3%
woeful
83.7%
wail
83.5%
wince
83%
wily
81.9%
wolverine
81.3%
wispy
81.1%
woodchuck
76.7%
whelm
74.9%
wrest
73.8%

You're not logged in!

Compare scores with friends on all Sporcle quizzes.
Join for Free
OR
Log In

You Might Also Like...

Show Comments

Extras

Top Quizzes Today


Score Distribution

Your Account Isn't Verified!

In order to create a playlist on Sporcle, you need to verify the email address you used during registration. Go to your Sporcle Settings to finish the process.

Report this User

Report this user for behavior that violates our Community Guidelines.

Details: